=LDR 00000nam 2200000 4500 =001 INLIS000000000037222 =005 20130612142948 =008 ***********************************Ind** =035 ##$$0010-061300000037222 =041 ##$$a Ind =082 ##$$a 664.8 =090 ##$$a 664.8, Isw k =100 ##$$a Iswari, Kasma =245 ##$$a Kulit manggis berkhasiat tinggi, Kasma Iswari ; editor, Yatman =260 ##$$a 2011 $b Jakarta =300 ##$$a viii, 80 hlm, ilus, 17 cm =650 ##$$a Olahan buah manggis =850 ##$$a NBPNMAT